000 00559nam a2200229Ia 4500
003 OSt
005 20220924133808.0
006 a|||||r|||| 00| 0
007 ta
008 220923b |||||||| |||| 00| 0 snd d
024 _a268955
037 _cTextual
040 _aARTS
_cARTS
_bsnd
041 _2snd
_asnd
082 _aO1593,8x, M2
100 _aSatramdas Saiel
_9207375
245 0 _aDuran ji dabuli
260 _c1982
300 _a300p.
_ccm.
942 _hO1593,8x, M2
_cTEXL
_2CC
999 _c435250
_d435250